000 00622nam a2200253Ia 4500
005 20260121161150.0
008 008 260114s9999 xx 000 0 eng d
020 _a9780429276880
037 _aEBOOK
040 _aCRL
040 _beng
040 _cCRL
041 _2eng
041 _aeng
084 _qCRL
100 _aJayne Persian
_91041024
245 0 _aFascists in Exile:Post-War Displaced Persons in Australia
260 _bTaylor and Francis
260 _c2024
856 _uhttp://www.taylorfrancis.com/books/9780429276880
942 _cEBOOK
999 _c1607840
_d1607840